000 00734cab a2200217 4500
001 WB2842-54
008 090401t1992 xxu||||| |||| 00| 0 eng d
035 _a(Sirsi) u49446
041 _aeng
245 _aWhen village life can be an ordeal
260 _c1992
350 _a0
490 _aDaily Telegraph
_v28 October 1992, 7(1)
520 _aThe Rural Development Commission`s "1991 Survey of rural services" (£17) highlights the social difficulties for people residing in rural areas such as poor public transport and lack of schools and shops.
650 _aLOCAL AMENITIES
650 _aRURAL COMMUNITIES
650 _aRURAL DEVELOPMENT COMMISSION
690 _aRURAL PRACTICE
942 _n0
948 _c04/03/1997
999 _c30943
_d30943